UBT Library

Advances in optimization and parallel computing : (Record no. 39871)

000 -LEADER
fixed length control field 00772pam a2200229 a 4500
001 - CONTROL NUMBER
control field 614085
005 - DATE AND TIME OF LATEST TRANSACTION
control field 20180109042432.0
008 - FIXED-LENGTH DATA ELEMENTS--GENERAL INFORMATION
fixed length control field 920129s1992 ne a b 000 0 eng
010 ## - LIBRARY OF CONGRESS CONTROL NUMBER
LC control number 92006978
020 ## - INTERNATIONAL STANDARD BOOK NUMBER
International Standard Book Number 0444890718
040 ## - CATALOGING SOURCE
Original cataloging agency DLC
Transcribing agency DLC
Modifying agency DLC
041 ## - LANGUAGE CODE
Language code of text/sound track or separate title eng
080 ## - UNIVERSAL DECIMAL CLASSIFICATION NUMBER
Universal Decimal Classification number 519.7 PAR
082 00 - DEWEY DECIMAL CLASSIFICATION NUMBER
Classification number 519.7 PAR
Edition number 20
100 ## - Rafti
Rafti 28
101 ## - Shkurtesa
Shkurtesa SHK
245 00 - TITLE STATEMENT
Title Advances in optimization and parallel computing :
Statement of responsibility, etc edited by Panos M. Pardalos.
504 ## - BIBLIOGRAPHY, ETC. NOTE
Bibliography, etc Includes bibliographical references.
906 ## - LOCAL DATA ELEMENT F, LDF (RLIN)
a 7
b cbc
c orignew
d 1
e ocip
f 19
g y-gencatlg
942 ## - ADDED ENTRY ELEMENTS (KOHA)
Source of classification or shelving scheme
Item type Books
Holdings
Withdrawn status Lost status Source of classification or shelving scheme Damaged status Not for loan Collection code Permanent location Current location Shelving location Date acquired Total Checkouts Full call number Barcode Date last seen Price effective from Koha item type
          Koleksioni i përgjithshem UBT - Lipjan UBT - Lipjan Koleksioni i përgjithshem 01/09/2018   519.7 PAR 002-2994300 01/09/2018 01/09/2018 Books
UBT Library © 2015-2024. All rights reserved University Education for Business and Technology